If You Could Hie to Kolob Lyrics - Statistics

General Stats
  • This quiz has been taken 6 times
  • The average score is 21 of 40
Answer Stats
Verse Lyrics Answer % Correct
1 If you could __ to Kolob hie
100%
There is no death ____. above
75%
And then _____ onward continue
75%
There is no __ to matter; end
75%
Have one ______ round. eternal
75%
Through all ______, eternity
75%
Do you think that you could ___, ever
75%
Where ____ began to be? Gods
75%
There is no end to ___; love
75%
There is no end to ___; love
75%
With that ___ ____ to fly, same speed
75%
Where ____ did not extend? space
75%
There is no end to ____; space
75%
In the ______ of an eye, twinkling
75%
3 The ____ of God continue, works
75%
And worlds and lives _____; abound
50%
There is no ____ above. death
50%
Find out the ________ generation
50%
5 There is no end to ____; glory
50%
There is no end to ____; glory
50%
There is no end to ____. light
50%
Where Gods and _____ end? matter
50%
There is no end to ________; priesthood
50%
Improvement and _______ progression
50%
"No man has found '___ ____,' pure space
50%
There is no end to ___. race
50%
Methinks the Spirit ______, whispers
50%
There is no end to ______; wisdom
50%
There is no end to ____; being
25%
There is no end to ____; being
25%
Nor seen the outside ______, curtains
25%
2 Or see the ____ beginning, grand
25%
Or view the ___ ______, last creation
25%
There is no end to _____; might
25%
There is no end to ____; spirit
25%
There is no end to ____. truth
25%
There is no end to ____; union
25%
4 There is no end to _____; virtue
25%
There is no end to _____; youth
25%
Where _____ has a place." nothing
0%
No matching quizzes found
Score Distribution
Percent of People with Each Score
Percentile by Number Answered
Your Score History
You have not taken this quiz